Statistics for Chinese Cities A-Z

Click here to take the quiz!

General Stats

  • This quiz has been taken 73 times
  • The average score is 16 of 24

Answer Stats

ClueCity% Correct
SFinancial centre of ChinaShanghai
97%
BHost of the 2008 OlympicsBeijing
95%
XHome to the Terracotta armyXian
94%
HFormer British colony - Autonomous city south of GHong Kong
92%
NSite of the 1937 Japanese massacreNanjing
92%
GKnown as Canton in EnglishGuangzhou
89%
LCapital of TibetLhasa
88%
MFormer Portuguese territory - home to many casinosMacau
88%
W"Chicago of China"Wuhan
86%
PFormer pronunciation of BPeking
78%
TCity municipality south of BTianjin
78%
CProvisional capital during WWIIChongqing
75%
UMajor Uyghur-majority cityUrumqi
75%
FCapital of Fujian provinceFuzhou
69%
QYellow Sea, famous for its beerQingdao
69%
DMajor city on Liaodong PeninsulaDalian
63%
ZCapital of Henan provinceZhengzhou
62%
JCapital of Shandong provinceJinan
55%
KHas one of the best air qualitiesKunming
46%
AEarliest known capital of ChinaAnyang
28%
YWhere communists regrouped after the Long MarchYan'an
23%
RMajor city south of QRizhao
18%
ECity right east of WEzhou
17%
OVenue for 2012 Miss World FinalOrdos
9%

Score Distribution

Percentile by Number Answered

Percent of People with Each Score

Your Score History

You have not taken this quiz